Guess The Flag #3 - Statistics

General Stats
  • This quiz has been taken 33 times
  • The average score is 12 of 15
Answer Stats
Picture Hint Answer % Correct
Africa Kenya
94%
Asia North Korea
94%
Asia Sri Lanka
90%
Europe Vatican City
90%
South America Venezuela
90%
Asia Bhutan
87%
South America Ecuador
87%
Africa Libya
81%
Europe San Marino
81%
Africa Ethiopia
77%
Africa Senegal
71%
South America Trinidad & Tobago
65%
Africa Lesotho
61%
Africa Djibouti
48%
Middle East Palestine
42%
No matching quizzes found
Score Distribution
Percent of People with Each Score
Percentile by Number Answered
Your Score History
You have not taken this quiz